|
|
|
|
| LEADER |
01004nam a2200301 a 4500 |
| 001 |
c000376462 |
| 003 |
CARM |
| 005 |
20000927200108.0 |
| 008 |
711105s1971 enk b 001 0 eng d |
| 010 |
|
|
|a 70858556 //r922
|
| 015 |
|
|
|a B71-16707
|
| 019 |
1 |
|
|a 55200839
|z 75132
|z 22466977
|z 23855156
|z 61315819
|5 LACONCORD2021
|
| 020 |
|
|
|a 0273315889
|
| 035 |
|
|
|a (OCoLC)204739
|5 LACONCORD2021
|
| 040 |
|
|
|a LC
|b eng
|c LC
|d NUN
|
| 050 |
0 |
0 |
|a PN2071.I5
|b C6
|
| 050 |
|
4 |
|a PN2071.I5
|b C6 1971
|
| 082 |
0 |
0 |
|a 792/.02
|
| 082 |
0 |
4 |
|a 792.028
|
| 100 |
1 |
|
|a Clark, Brian,
|d 1932-
|
| 245 |
1 |
0 |
|a Group theatre /
|c Brian Clark.
|
| 260 |
|
|
|a London :
|b Pitman,
|c 1971.
|
| 300 |
|
|
|a viii, 120 p. ;
|c 23 cm.
|
| 504 |
|
|
|a Bibliography: p. [118]-119.
|
| 650 |
|
0 |
|a Improvisation (Acting)
|
| 852 |
8 |
|
|b CARM
|h A1:AL14G0
|i B09979
|p 0445972
|f BK
|
| 999 |
f |
f |
|i 2b166b17-0b77-5e28-a674-6dfdd338a70b
|s 95b2eb02-d4ab-5919-a7f0-b26205302d7f
|
| 952 |
f |
f |
|p Can circulate
|a CAVAL
|b CAVAL
|c CAVAL
|d CARM 1 Store
|e B09979
|f A1:AL14G0
|h Other scheme
|i book
|m 0445972
|